[Event "San Sebastian Constitucion op 11th"]
[Site "San Sebastian"]
[Date "2009.12.06"]
[Round "7"]
[White "Martinez Miura, Enrique"]
[Black "Serrano Nunez, Dario"]
[Result "1/2-1/2"]
[WhiteElo "1747"]
[BlackElo "1977"]
[PlyCount "60"]
[EventDate "2009.11.30"]
[EventType "swiss"]
[EventRounds "9"]
[EventCountry "ESP"]
[SourceTitle "CBM 133 Extra"]
[Source "ChessBase"]
[SourceDate "2010.01.05"]
[SourceVersion "1"]
[SourceVersionDate "2010.01.05"]
[SourceQuality "1"]

1. e4 e5 2. Nf3 Nc6 3. Bb5 a6 4. Ba4 Nf6 5. Nc3 d6 6. h3 Be7 7. 0-0 0-0 8. d4 exd4 9. Nxd4 Bd7 10. Nxc6 Bxc6 11. Bxc6 bxc6 12. Re1 Nd7 13. Bf4 Bf6 14. Qd2 Rb8 15. Rab1 Re8 16. b4 Qe7 17. f3 Ne5 18. Bxe5 Qxe5 19. Ne2 Bh4 20. Red1 Rb6 21. a4 Bf6 22. a5 Rb7 23. Nd4 Qxd4+ 24. Qxd4 Bxd4+ 25. Rxd4 c5 26. Rc4 Reb8 27. c3 Kf8 28. Rd1 cxb4 29. cxb4 Ke7 30. Rdc1 Kd7 1/2-1/2

[Event "San Sebastian Constitucion op 11th"]
[Site "San Sebastian"]
[Date "2009.12.05"]
[Round "6"]
[White "Serrano Nunez, Dario"]
[Black "Garcia Lopez, Fernando"]
[Result "1-0"]
[WhiteElo "1977"]
[BlackElo "1658"]
[PlyCount "115"]
[EventDate "2009.11.30"]
[EventType "swiss"]
[EventRounds "9"]
[EventCountry "ESP"]
[SourceTitle "CBM 133 Extra"]
[Source "ChessBase"]
[SourceDate "2010.01.05"]
[SourceVersion "1"]
[SourceVersionDate "2010.01.05"]
[SourceQuality "1"]

1. e4 e5 2. Nf3 Nc6 3. Bb5 a6 4. Ba4 Nf6 5. 0-0 Be7 6. Re1 b5 7. Bb3 0-0 8. d4 d6 9. c3 Bg4 10. Be3 Na5 11. Bc2 Nc4 12. Bc1 Nd7 13. Nbd2 Nxd2 14. Bxd2 c5 15. dxc5 Nxc5 16. h3 Bh5 17. Be3 Nd7 18. Qe2 Nb6 19. g4 Bg6 20. Bxb6 Qxb6 21. Rad1 Rad8 22. Rd2 Rd7 23. Nxe5 Rdd8 24. Nf3 Rc8 25. Bb3 Kh8 26. Red1 f6 27. Nd4 Rfe8 28. Kg2 b4 29. cxb4 d5 30. Bxd5 Bxb4 31. Rc2 Rcd8 32. Nf5 Qa5 33. Qc4 Qb6 34. Rdc1 Qb8 35. Qc7 Bxf5 36. gxf5 Bd6 37. Qxb8 Rxb8 38. Rc6 Bf4 39. R1c2 Be5 40. b3 a5 41. Ra6 Rb5 42. Bc6 Rbb8 43. Bxe8 Rxe8 44. Rxa5 h5 45. Kf3 Kh7 46. b4 g5 47. fxg6+ Kxg6 48. a4 Rd8 49. Rd5 Rb8 50. b5 Ra8 51. Rc4 Kf7 52. b6 Ra6 53. b7 Rb6 54. Rb5 Rxb5 55. axb5 Kg6 56. Rc8 h4 57. b8Q Bxb8 58. Rxb8 1-0

[Event "San Sebastian Constitucion op 11th"]
[Site "San Sebastian"]
[Date "2009.12.04"]
[Round "5"]
[White "Garcia Fernandez, Antolin"]
[Black "Serrano Nunez, Dario"]
[Result "1/2-1/2"]
[WhiteElo "1747"]
[BlackElo "1977"]
[PlyCount "84"]
[EventDate "2009.11.30"]
[EventType "swiss"]
[EventRounds "9"]
[EventCountry "ESP"]
[SourceTitle "CBM 133 Extra"]
[Source "ChessBase"]
[SourceDate "2010.01.05"]
[SourceVersion "1"]
[SourceVersionDate "2010.01.05"]
[SourceQuality "1"]

1. e4 e5 2. Nf3 Nc6 3. d4 exd4 4. Bc4 Be7 5. c3 Nf6 6. e5 Ng4 7. cxd4 d5 8. Bb5 Bd7 9. Nc3 Nb4 10. Be2 Be6 11. a3 Nc6 12. Bb5 Qd7 13. h3 Nh6 14. Bg5 Ng8 15. Rc1 Bxg5 16. Nxg5 Nge7 17. Na4 0-0 18. Nc5 Qc8 19. 0-0 Nd8 20. f4 c6 21. Bd3 Bf5 22. g4 h6 23. gxf5 Nxf5 24. Nh7 Kxh7 25. Qg4 g6 26. Bxf5 gxf5 27. Qh5 b6 28. Nd3 Qe6 29. Kh2 Rg8 30. Rg1 Rg6 31. Nb4 c5 32. dxc5 Rxg1 33. Kxg1 bxc5 34. Rxc5 Qb6 35. Qxf5+ Kg8 36. Nd3 Ne6 37. b4 Nxc5 38. Nxc5 a5 39. e6 fxe6 40. Qg6+ Kh8 41. Qxh6+ Kg8 42. Qg6+ Kh8 1/2-1/2

[Event "San Sebastian Constitucion op 11th"]
[Site "San Sebastian"]
[Date "2009.12.02"]
[Round "3"]
[White "Orellana Iglesias, Julio Jose"]
[Black "Serrano Nunez, Dario"]
[Result "1/2-1/2"]
[WhiteElo "1816"]
[BlackElo "1977"]
[PlyCount "39"]
[EventDate "2009.11.30"]
[EventType "swiss"]
[EventRounds "9"]
[EventCountry "ESP"]
[SourceTitle "CBM 133 Extra"]
[Source "ChessBase"]
[SourceDate "2010.01.05"]
[SourceVersion "1"]
[SourceVersionDate "2010.01.05"]
[SourceQuality "1"]

1. e4 e5 2. Nf3 Nc6 3. Bb5 a6 4. Bxc6 dxc6 5. Nc3 Bd6 6. d4 exd4 7. Qxd4 f6 8. Be3 Qe7 9. 0-0-0 Nh6 10. h3 Nf7 11. Rhe1 0-0 12. g4 Ne5 13. Nxe5 fxe5 14. Qd2 Bc5 15. Ne2 Be6 16. Ng3 g6 17. Bg5 Qf7 18. Bh6 Qxf2 19. Qc3 Bd4 20. Qa3 1/2-1/2

[Event "Collado Villalba op-A 26th"]
[Site "Collado Villalba"]
[Date "2009.08.28"]
[Round "8"]
[White "Serrano Nunez, Dario"]
[Black "Franco Rincon, David"]
[Result "1/2-1/2"]
[WhiteElo "1997"]
[BlackElo "1787"]
[PlyCount "40"]
[EventDate "2009.08.21"]
[EventType "swiss"]
[EventRounds "9"]
[EventCountry "ESP"]
[SourceTitle "CBM 132 Extra"]
[Source "ChessBase"]
[SourceDate "2009.11.03"]
[SourceVersion "1"]
[SourceVersionDate "2009.11.03"]
[SourceQuality "1"]

1. e4 e5 2. Nf3 Nc6 3. Bb5 a6 4. Ba4 d6 5. c3 Bd7 6. 0-0 g6 7. d4 Bg7 8. Bg5 f6 9. Be3 Nh6 10. h3 Nf7 11. Nbd2 0-0 12. Bb3 Kh8 13. Qe2 f5 14. dxe5 Nfxe5 15. Nxe5 Nxe5 16. f4 Nc6 17. Qf2 Qf6 18. exf5 Bxf5 19. Nf3 Rae8 20. Nd4 Bd7 1/2-1/2

[Event "Collado Villalba op-A 26th"]
[Site "Collado Villalba"]
[Date "2009.08.26"]
[Round "6"]
[White "Martin Consuegra, Barrilero Javier"]
[Black "Serrano Nunez, Dario"]
[Result "1/2-1/2"]
[WhiteElo "1891"]
[BlackElo "1997"]
[PlyCount "39"]
[EventDate "2009.08.21"]
[EventType "swiss"]
[EventRounds "9"]
[EventCountry "ESP"]
[SourceTitle "CBM 132 Extra"]
[Source "ChessBase"]
[SourceDate "2009.11.03"]
[SourceVersion "1"]
[SourceVersionDate "2009.11.03"]
[SourceQuality "1"]

1. d4 Nf6 2. Nf3 e6 3. a3 b6 4. Bg5 Be7 5. c4 Bb7 6. e3 0-0 7. Nc3 c5 8. dxc5 bxc5 9. Be2 Ne4 10. Bxe7 Qxe7 11. Nxe4 Bxe4 12. 0-0 Nc6 13. Nd2 Bg6 14. Bf3 Rab8 15. b3 Rb6 16. Be4 Rfb8 17. Bxc6 Rxc6 18. Qc1 d5 19. Qc3 Rcb6 20. Rfc1 1/2-1/2

[Event "San Sebastian Constitucion op 10th"]
[Site "San Sebastian"]
[Date "2008.12.05"]
[Round "6"]
[White "Cerrato Torrijos, Maria"]
[Black "Serrano Nunez, Dario"]
[Result "1/2-1/2"]
[WhiteElo "1880"]
[BlackElo "2012"]
[PlyCount "44"]
[EventDate "2008.11.30"]
[EventType "swiss"]
[EventRounds "9"]
[EventCountry "ESP"]
[SourceTitle "CBM 127 Extra"]
[Source "ChessBase"]
[SourceDate "2009.01.08"]
[SourceVersion "2"]
[SourceVersionDate "2009.01.28"]
[SourceQuality "1"]

1. e4 e6 2. d4 d5 3. Nc3 dxe4 4. Nxe4 Nd7 5. Nf3 Ngf6 6. Nxf6+ Nxf6 7. Bd3 Be7 8. 0-0 0-0 9. Bg5 Nd5 10. Bxe7 Qxe7 11. Re1 Rd8 12. c3 Nf6 13. Ne5 c5 14. dxc5 Bd7 15. Qf3 Qxc5 16. Qxb7 Rab8 17. Nxd7 Nxd7 18. Qe4 Rxb2 19. Qxh7+ Kf8 20. Qh4 Nf6 21. Rad1 Qxc3 22. Bb1 Rbd2 1/2-1/2

[Event "Collado Villalba op-A 25th"]
[Site "Collado Villalba"]
[Date "2008.08.28"]
[Round "7"]
[White "Serrano Nunez, Dario"]
[Black "Baigorri Navarro, Francisco Javier"]
[Result "1/2-1/2"]
[WhiteElo "2001"]
[BlackElo "2178"]
[PlyCount "79"]
[EventDate "2008.08.22"]
[EventType "swiss"]
[EventRounds "9"]
[EventCountry "ESP"]
[SourceTitle "CBM 126 Extra"]
[Source "ChessBase"]
[SourceDate "2008.11.05"]
[SourceVersion "1"]
[SourceVersionDate "2008.11.05"]
[SourceQuality "1"]

1. d4 Nf6 2. c4 g6 3. Nc3 Bg7 4. e4 d6 5. Nf3 0-0 6. Be2 e5 7. dxe5 dxe5 8. Qxd8 Rxd8 9. 0-0 Re8 10. Nd2 c6 11. Nb3 Nbd7 12. Be3 Bf8 13. f3 Be7 14. Rfd1 b6 15. Kf2 Nf8 16. Rac1 Ne6 17. g3 Nd7 18. c5 Ndxc5 19. Nxc5 Bxc5 20. Bxc5 Nxc5 21. Rd6 Bb7 22. Rcd1 a5 23. a4 Rac8 24. g4 Ba6 25. Bxa6 Nxa6 26. Kg3 Nc5 27. g5 Kf8 28. h4 Ke7 29. f4 exf4+ 30. Kxf4 Red8 31. e5 Ne6+ 32. Ke3 Ng7 33. Rxd8 Rxd8 34. Rxd8 Kxd8 35. Kf4 Kd7 36. Ne4 Nh5+ 37. Ke3 Ke6 38. Nd6 Ng3 39. Nc4 Nf5+ 40. Ke4 1/2-1/2

[Event "Collado Villalba op 24th"]
[Site "Collado Villalba"]
[Date "2007.08.24"]
[Round "2"]
[White "Serrano Nunez, Dario"]
[Black "Tarin Casado, Francisco"]
[Result "1-0"]
[WhiteElo "2028"]
[BlackElo "1906"]
[PlyCount "57"]
[EventDate "2007.08.23"]
[EventType "swiss"]
[EventRounds "9"]
[EventCountry "ESP"]
[SourceTitle "EXT 2008"]
[Source "ChessBase"]
[SourceDate "2007.11.25"]
[SourceVersion "1"]
[SourceVersionDate "2007.11.25"]
[SourceQuality "1"]

1. e4 c6 2. d4 d5 3. Nd2 dxe4 4. Nxe4 Bf5 5. Ng3 Bg6 6. N1e2 Nf6 7. Nf4 Nbd7 8. Bc4 e6 9. 0-0 Be7 10. Bxe6 fxe6 11. Nxe6 Qa5 12. Bd2 Qb6 13. Nxg7+ Kf7 14. N7f5 Qxb2 15. Nh6+ Kg7 16. Ngf5+ Bxf5 17. Nxf5+ Kf7 18. Qe2 Rhe8 19. Nh6+ Kg7 20. Qc4 Qb5 21. Qf7+ Kh8 22. Rfe1 Bd6 23. c4 Qb2 24. Nf5 Bf8 25. Bg5 Ng8 26. Qxd7 Qc3 27. Rec1 Qd3 28. Qf7 Re2 29. Be3 1-0

[Event "Collado Villalba op 23rd"]
[Site "Collado Villalba"]
[Date "2006.08.20"]
[Round "2"]
[White "Serrano Nunez, Dario"]
[Black "Alonso Fernandez, Marcos"]
[Result "0-1"]
[WhiteElo "2043"]
[BlackElo "2296"]
[PlyCount "58"]
[EventDate "2006.08.19"]
[EventType "swiss"]
[EventRounds "9"]
[EventCountry "ESP"]
[SourceTitle "CBM 113 Extra"]
[Source "ChessBase"]
[SourceDate "2006.09.14"]
[SourceVersion "1"]
[SourceVersionDate "2006.09.14"]
[SourceQuality "1"]

1. d4 d5 2. c4 e6 3. Nc3 Be7 4. g3 Nf6 5. Bg2 0-0 6. Bf4 dxc4 7. Nf3 Nbd7 8. e4 c6 9. 0-0 Bb4 10. Re1 b5 11. a4 Bb7 12. axb5 cxb5 13. Nxb5 Bxe1 14. Nxe1 Bxe4 15. Bd6 Bxg2 16. Nxg2 Qb6 17. Bxf8 Qxb5 18. Ba3 Nd5 19. Qd2 N7b6 20. Ne3 Nxe3 21. fxe3 Rd8 22. Be7 Rd7 23. Qb4 Qxb4 24. Bxb4 Nd5 25. Bc5 Nxe3 26. Bxa7 h5 27. Bc5 Rb7 28. Rb1 Rb3 29. Kf2 c3 0-1

[Event "Collado Villalba op 18th"]
[Site "Collado Villalba"]
[Date "2001.??.??"]
[Round "2"]
[White "Serrano Nunez, Dario"]
[Black "Gallardo Garcia, Andres"]
[Result "1-0"]
[WhiteElo "2076"]
[BlackElo "2299"]
[PlyCount "55"]
[EventDate "2001.08.??"]
[EventType "swiss"]
[EventRounds "9"]
[EventCountry "ESP"]
[SourceTitle "EXT 2003"]
[Source "ChessBase"]
[SourceDate "2002.11.25"]
[SourceVersion "1"]
[SourceVersionDate "2002.11.25"]
[SourceQuality "1"]

1. e4 e6 2. d4 d5 3. exd5 exd5 4. Bd3 Nc6 5. Nf3 Bg4 6. c3 Bd6 7. 0-0 Qd7 8. b4 0-0-0 9. Be3 Nf6 10. Nbd2 Kb8 11. a4 Ne7 12. b5 Ng6 13. Qc2 Nf4 14. Bxf4 Bxf4 15. a5 Rhe8 16. b6 cxb6 17. axb6 a6 18. Bxa6 bxa6 19. Rxa6 Bf5 20. Qa2 Qb7 21. Ra1 Kc8 22. Ne5 Bxe5 23. dxe5 Nd7 24. Nc4 Nc5 25. Ra8+ Kd7 26. Ra7 dxc4 27. Qxc4 Re7 28. Qxc5 1-0